00434nam a22001577a 450000500170000000800410001702000150005804100130007308200140008610000130010024500340011325000200014726000560016730000280022365000250025120231116063402.0231116b |||||||| |||| 00| 0 eng d a0409026905 aEnglish  a344.1 EMP lEnglish  aEmployment Equity Act 55/1998 aSecond Edition  aDurban : bButterworth Publishers (Pty) Ltd, c1999 bv, 28 pages ; c25 cm.  aLegal practice bLaw